General Principles of Pharmacology / (Record no. 24314)

MARC details
000 -LEADER
fixed length control field 00501nam a22001817a 4500
003 - CONTROL NUMBER IDENTIFIER
control field BDDh-ASL
005 - DATE AND TIME OF LATEST TRANSACTION
control field 20231015030342.0
008 - FIXED-LENGTH DATA ELEMENTS--GENERAL INFORMATION
fixed length control field 210421s1992 bg ||||| |||| 00| 0 eng d
040 ## - CATALOGING SOURCE
Original cataloging agency BDDh-ASL
Transcribing agency BDDh-ASL
082 ## - DEWEY DECIMAL CLASSIFICATION NUMBER
Classification number 615.1
Item number MIG
245 00 - TITLE STATEMENT
Title General Principles of Pharmacology /
260 ## - PUBLICATION, DISTRIBUTION, ETC.
Place of publication, distribution, etc. Dhaka:
Name of publisher, distributor, etc. Shaheen Publishers,
Date of publication, distribution, etc. 1992.
300 ## - PHYSICAL DESCRIPTION
Extent 132 p. :
Dimensions 24 cm.
650 #0 - SUBJECT ADDED ENTRY--TOPICAL TERM
9 (RLIN) 3754
Topical term or geographic name entry element Pharmacology
700 1# - ADDED ENTRY--PERSONAL NAME
9 (RLIN) 3752
Personal name Misbahuddin, Mir
700 1# - ADDED ENTRY--PERSONAL NAME
9 (RLIN) 3753
Personal name Rashid, Mamun Ur
942 ## - ADDED ENTRY ELEMENTS (KOHA)
Source of classification or shelving scheme Dewey Decimal Classification
Koha item type Books
Holdings
Withdrawn status Lost status Source of classification or shelving scheme Damaged status Not for loan Collection code Home library Current library Shelving location Date acquired Source of acquisition Total Checkouts Full call number Barcode Date last seen Copy number Price effective from Koha item type
    Dewey Decimal Classification     Non-fiction Asiatic Society Library Asiatic Society Library General Stacks 04/21/2021 ASB Library Collections   615.1 MIG 108925 04/21/2021 C-1 04/21/2021 Books
    Dewey Decimal Classification     Non-fiction Asiatic Society Library Asiatic Society Library General Stacks 04/21/2021 ASB Library Collections   615.1 MIG 108926 04/21/2021 C-2 04/21/2021 Books
    Dewey Decimal Classification     Non-fiction Asiatic Society Library Asiatic Society Library General Stacks 04/21/2021 ASB Library Collections   615.1 MIG 108927 04/21/2021 C-3 04/21/2021 Books
    Dewey Decimal Classification     Non-fiction Asiatic Society Library Asiatic Society Library General Stacks 04/21/2021 ASB Library Collections   615.1 MIG 108928 04/21/2021 C-4 04/21/2021 Books

Powered by Koha